| 000 | 00744cam a22002297a 4500 | ||
|---|---|---|---|
| 999 |
_c2741 _d2741 |
||
| 001 | 15813 | ||
| 003 | BD-DhUAP | ||
| 005 | 20200227113132.0 | ||
| 008 | 070806s2007 enka b 001 0 eng d | ||
| 020 | _a9780470026717 | ||
| 020 | _a9780470026694 | ||
| 040 |
_aBD-DhUAP _cBD-DhUAP _dBD-DhUAP _bEng |
||
| 082 | 0 | 4 |
_a720.2840285 MCG _223 |
| 100 | 1 | _aMcGrath, Brian. | |
| 245 | 1 | 0 |
_aCinemetrics : _barchitectural drawing today / _cBrian McGrath and Jean Gardner. |
| 260 |
_a England : _bWiley-Academy, _cc2007. |
||
| 300 |
_a271 pages : _billustrations ; _c29 cm. |
||
| 504 | _aIncludes bibliographical references (p.[266-269) and index. | ||
| 650 | 0 |
_aArchitectural drawing _xComputer-aided design. |
|
| 700 | 1 | _aGardner, Jean. | |
| 942 |
_2ddc _cBK |
||